00294nam a2200121Ia 4500008004100000100003000041245003100071260002800102300000800130650001000138942000700148999001700155190216s9999||||xx |||||||||||||| ||und|| aGarg. G.L And Rajeev Garg 0aHindi- Sabke Liye Swasthya bKrane Publicationc2008 a139 aHindi cBK c16553d16553